Statistics for Biggest Cities in Turkey

Click here to take the quiz!

General Stats

  • This quiz has been taken 80 times
    (77 since last reset)
  • The average score is 7 of 10

Answer Stats

PopulationCity% Correct
14,025,646Istanbul
100%
4,587,558Ankara
98%
2,847,691Izmir
92%
1,203,994Antalya
81%
1,957,247Bursa
77%
1,717,473Adana
64%
1,556,381Gaziantep
55%
1,220,795Konya
53%
955,106Mersin
33%
1,061,942Kayseri
31%

Score Distribution

Percentile by Number Answered

Percent of People with Each Score

Your Score History

You have not taken this quiz since the last reset